000 00379nam a22001457a 4500
005 20250924150740.0
008 250924b |||||||| |||| 00| 0 eng d
020 _a9780333362129
050 _aSF487
_bKEK
100 _aKEKEOCHA C.C.
245 _aPFIZER POULTRY PRODUCTION HANDBOOK
260 _aLONDON
_bMACMILLAN EDUCATION LTD
_c1984
300 _ax, 131p
942 _2lcc
_cBK
_n0
999 _c7692
_d7692